000 00720nam a2200193 a 4500
001 000032830
005 20240409073643.0
008 110727t1963 dr r 001 0 spa d
040 _aDO-SdBNP
_bspa
_cBNPHU
082 _a923.17293053
_bT866h, 1963
100 1 _aHerraiz, Ismael
_958629
245 1 0 _aTrujillo dentro de la historia /
_cIsmael Herraiz.
260 _aMadrid :
_bEdiciones Acies,
_c1963.
300 _a429 p. ;
_c23 cm.
504 _aincluye referencias bibliográficas y notas al pie de páginas.
600 1 0 _aTrujillo Molina, Rafael Leónidas,
_d 1891-1961
_976764
651 4 _aRepública Dominicana
_xPolítica Y Gobierno
_yERA DE TRUJILLO, 1930-1961
_91374
910 _aValidado. Control de calidad EMS.
999 _c32321
_d32321